|
|
|
|
| LEADER |
01095nam a2200289 a 4500 |
| 001 |
4328223 |
| 008 |
091219s1988 ii b 001 0 eng d |
| 010 |
|
|
|a 88011683
|
| 020 |
|
|
|a 0803995644
|
| 020 |
|
|
|a 0803995652 (pbk.)
|
| 020 |
|
|
|a 817036101x
|
| 020 |
|
|
|a 8170361028
|
| 040 |
|
|
|a DLC
|c DLC
|d DLC
|c BD-DhAAL
|
| 082 |
0 |
0 |
|a 305.4/2/0954
|2 19
|
| 245 |
0 |
0 |
|a Women in Indian society :
|b a reader /
|c edited by Rehana Ghadially.
|
| 260 |
|
|
|a New Delhi ;
|a Newbury Park, Calif. :
|b Sage Publications,
|c 1988.
|
| 300 |
|
|
|a 310 p. ;
|c 23 cm.
|
| 504 |
|
|
|a Includes bibliography: (p. [291]-3060) and index.
|
| 541 |
1 |
|
|e 00004326
|
| 650 |
|
0 |
|a Women
|z India
|x Social conditions.
|
| 650 |
|
0 |
|a Sex role
|z India.
|
| 650 |
|
0 |
|a Femininity.
|
| 650 |
|
0 |
|a Feminism
|z India.
|
| 700 |
1 |
|
|a Ghadially, Rehana,
|d 1945-
|
| 852 |
4 |
|
|a Ayesha Abed Library
|j General Shelf.
|
| 999 |
|
|
|c 6262
|d 6262
|
| 952 |
|
|
|0 0
|1 0
|2 ddc
|4 0
|6 305_420954000000000_WOM_1988
|7 0
|9 6300
|a BRACUL
|b BRACUL
|c GEN
|d 2009-12-21
|g 0.00
|l 4
|m 12
|o 305.420954 WOM
|p 3010004326
|r 2026-05-13
|s 2026-02-23
|t 1
|w 2009-12-21
|y BK
|x No price found in the accession register.
|